Shoe Brand - Statistics

General Stats
  • This quiz has been taken 68 times
  • The average score is 7 of 10
Answer Stats
Picture Answer % Correct
Crocs
100%
Nike
100%
Adidas
98%
Converse
93%
Jordan
91%
New Balance
83%
Sketchers
80%
On
48%
Saucony
28%
Brooks
20%
No matching quizzes found
Score Distribution
Percent of People with Each Score
Percentile by Number Answered
Your Score History
You have not taken this quiz